Statistiken für Top 15 der betroffenen Covid-19-Länder - 8. September 2021

Klicken Sie hier um das Quiz zu spielen!

Allgemein

  • Dieses Quiz wurde 14 mal gespielt
  • Das Durchschnittsergebnis liegt bei 18 aus 26

Antwortstatistiken

Land% Korrekt
Brasilien
100%
Deutschland
100%
Frankreich
100%
Indien
100%
Mexiko
100%
Russland
100%
Vereinigte Staaten
100%
Argentinien
92%
Italien
92%
Spanien
92%
Kolumbien
83%
Schweden
83%
Vereinigtes Königreich
83%
Indonesien
67%
Niederlande
67%
Tschechien
67%
Türkei
67%
Iran
58%
Israel
33%
Panama
33%
Slowenien
33%
Estland
25%
Litauen
25%
Bahrain
17%
Georgien
17%
Uruguay
17%

Verteilung der Resultate

Perzentil nach korrekt beantworteten Fragen

Anzahl Personen mit jedem Resultat

Ihre Resultats-Entwicklung

Sie haben dieses Quiz noch nicht gespielt